Random Countries Fun Facts #1 - Statistics

General Stats
  • This quiz has been taken 41 times
  • The average score is 9 of 15
Answer Stats
Fact Answer % Correct
Country with the most borders #1: Russia
95%
Countries that occupy the greatest portion of Europe: Russia
95%
Country with the most borders #2: China
86%
Country with the most freshwater lakes: Canada
84%
Longest River: Nile River
78%
US state with the most invasive species: Florida
70%
Country with the most primates: Brazil
62%
Country where the official animals the unicorn: Scotland
62%
3rd largest GDP: India
57%
Country with the 2nd most coastline: Norway
54%
Country with the largest CONTINUOUS empire: Mongolia
41%
What country lost the most % of its land over history: Vatican City
30%
Most “Meme” Area: Ohio
24%
Worlds biggest organization: United Nations
19%
Most % speaking Spanish (Not Spain): Equatorial Guinea
14%
No matching quizzes found
Score Distribution
Percent of People with Each Score
Percentile by Number Answered
Your Score History
You have not taken this quiz